000 00348nam a2200145Ia 4500
008 230917s9999||||xx |||||||||||||| ||und||
040 _e58065
_aMAIN
041 _aEnglish
082 _a823.9 D781R
100 _aDrabble, Margaret
245 4 _aThe realms of gold
260 _aMiddlesex
_bPenguin Books
_c1979
300 _a358 p.
942 _cBK
999 _c224540
_d224540